000 01406cam a2200325 4500
008 020426n2002 000 0 eng u
020 _a0754619427
035 _a(Sirsi) u117690
041 _aeng.
050 _a711.1
100 _aRydin, Y.
_xEditor
245 _aPlanning in the UK: agendas for the new millennium
260 _aAldershot
_bAshgate Publishing Company
_c2002
300 _axiii,392p.
_c23cm.
350 _a47.50
520 _aA study of planning in the UK, exploring agendas for the 21st century. The main body of the text addresses the key planning policy issues that have arisen during the New Labour government's first term of office. Four major areas are identified: the new institutional context; ensuring social inclusion and participation; promoting sustainability; and the debate over building at higher densities on brownfield sites, an issue which encompasses both social and environmental concerns.
650 _aPLANNING STRATEGY
650 _aPLANNING ISSUES
650 _aREGIONAL PLANNING
650 _aCITY PLANNING
650 _aSOCIAL ISSUES
650 _aENVIRONMENTAL ISSUES
650 _aSPATIAL PLANNING
650 _aNEIGHBOURHOOD REGENERATION
650 _aSUSTAINABLE DEVELOPMENT
650 _aBROWNFIELD SITES
690 _aENVIRONMENTAL AND LAND CONSULTANCY-PLANNING AND DEVELOPMENT
700 _aThornley, A.
_xEditor
942 _n0
999 _c102047
_d102047